| 000 | 00973nam a2200253 a 4500 | ||
|---|---|---|---|
| 001 | BRCA_6813 | ||
| 005 | 20190320205613.0 | ||
| 008 | 041111s1944----mx-a######---#000-0#spa-# | ||
| 041 | _aspa | ||
| 044 | _amx | ||
| 050 | 4 |
_aBX1740.C3 _b.T67 1944 |
|
| 100 | 1 |
_aToro, Alfonso _d1873-1952 _9907 |
|
| 245 | 1 | 0 |
_aLa familia Carvajal _bestudio histórico sobre los judios y la Inquisición de la Nueva España en el siglo XVI, basado en documentos originales y en su mayor parte inéditos, que se conservan en el Archivo General de la Nación de la ciudad de México _cpor Alfonso Toro. |
| 260 |
_aMéxico _bPatria _c1944 |
||
| 300 |
_a2 v. _bil., 18 láminas _c24 cm. |
||
| 500 | _aEstado físico: hoja rota de la esquina inferior, p. 39-40 (v.2) | ||
| 500 | _aN27 | ||
| 600 | 1 | 4 |
_aCarvajal, Luis de _d1567-1596 _916991 |
| 650 | 1 | 4 |
_aInquisición _zMéxico _98130 |
| 650 | 1 | 4 |
_aCarvajal _xFamilia _916992 |
| 650 | 1 | 4 |
_aJudíos en México _98224 |
| 902 | _aGFM | ||
| 942 |
_2lcc _cB |
||
| 999 |
_c6496 _d6496 |
||